00297nam a2200121Ia 45000030006000000080041000060400015000471000032000622450043000942600009001375460012001460050017001580STCL150530s9999 xx 000 0 und d aSTCLcSTCL aBraarud, T.; Sorensen, N.A. aSecond international seaweed synposium c1956 aEnglish20220125170354.0